Comportamiento organizacional

Zapisane w:
Opis bibliograficzny
1. autor: Hellriegel, Don (Autor)
Format: Książka
Język:hiszpański
Wydane: Ciudad de México International Thomson 1999
Wydanie:1a. ed
Hasła przedmiotowe:
Etykiety: Dodaj etykietę
Nie ma etykietki, Dołącz pierwszą etykiete!

MARC

LEADER 00000cam a2200000 a 4500
001 UCN1748
003 CL-VaPUC
008 010504e19990000MX |||||||||||||||||spa|d
020 |a 9687529644 
082 0 4 |a 658.3  |b HEL  |2 21 
100 |a Hellriegel, Don  |e author  |9 598325 
245 1 0 |a Comportamiento organizacional 
250 |a 1a. ed 
300 |a 635 p 
942 |c BK 
945 |d 20010504 00:00:00  |a vberengu 
260 |a Ciudad de México  |b International Thomson  |c 1999 
650 7 |a COMPORTAMIENTO DE GRUPO  |2 CL-VaPUC  |9 335588 
650 7 |a MOTIVACION DE RENDIMIENTO  |2 CL-VaPUC  |9 457056 
650 0 |a Comunicación interpersonal   |9 307498 
650 0 |a Liderazgo  |9 271835 
650 0 |a Operaciones administrativas  |9 335045 
650 0 |a Toma de decisiones   |9 257530 
583 |a last modification  |c 20170223 10:51:35  |k Rodrigo Vera 
999 |c 294979  |d 294977 
952 |0 0  |1 0  |4 0  |6 658_300000000000000_HEL_1999  |7 0  |8 R  |9 347766  |a BIBENE  |b BIBENE  |d 2019-11-20  |i 3718891  |l 2  |o 658.3 HEL 1999  |p 3718891  |r 2025-01-15  |s 2024-11-05  |w 2019-11-20  |y BK_R  |k ICO 
952 |0 0  |1 0  |4 0  |6 658_300000000000000_HEL_1999  |7 0  |8 R  |9 347767  |a BIBENE  |b BIBENE  |d 2019-11-20  |i 3729133  |o 658.3 HEL 1999  |p 3729133  |r 2025-01-15  |w 2019-11-20  |y BK_R  |k ICO 
952 |0 0  |1 0  |4 0  |6 658_300000000000000_HEL_1999  |7 0  |8 R  |9 347768  |a BIBENE  |b BIBENE  |d 2019-11-20  |i 3750469  |o 658.3 HEL 1999  |p 3750469  |r 2025-01-15  |w 2019-11-20  |y BK_R  |k ICO 
952 |0 0  |1 0  |4 0  |6 658_300000000000000_HEL_1999  |7 0  |8 R  |9 347769  |a BIBENE  |b BIBENE  |d 2019-11-20  |i 3835316  |o 658.3 HEL 1999  |p 3835316  |r 2025-01-15  |w 2019-11-20  |y BK_R  |k ICO 
952 |0 0  |1 0  |3 erb  |4 0  |6 658_300000000000000_HEL_1999  |7 0  |8 R  |9 347770  |a BIBENE  |b BIBENE  |i 5327261  |l 1  |o 658.3 HEL 1999  |p 5327261  |r 2025-01-15  |s 2024-11-04  |w 2019-11-20  |y BK_R  |z Catalogado en:20170226  |k ICO